000 00914nam a2200301 c 4500
003 BLK
005 20240509154126.0
008 180408b bul|||||r ||||||| ||bul||
010 _aKNG00053256000
020 _a3-520-30008-7
040 _aBLK
041 _aDEU
_cDEU
080 _aЛитература на отделни езици и езикови семейства
_b821
_x.04(03)
_z821.04(03)
139 _aFRENZEL, Elisabeth
245 1 0 _aStiffe de Weltliteratur
_bEin Lexikon dichtungsgeschichtlicher Langsschnitte
250 _a8. uberarb. und erw. Aufl
260 _bKroner
_c1992
_aStuttgart
300 _aXVI, 931 c
_c17 cm
380 _a82
490 1 _aKroners Taschenausgabe
_vBd. 300
852 _aЦб І 28106
856 4 _qpdf
856 4 _qpdf
942 _cKNG
_n0
944 _aCR
_c01.01.1999
_k30556
_lТеодора Пейчева-Дянкова
944 _aED
_c10.02.2017
_kЛили_Борисова
999 _c49406
_d49406
999 _d49406